logo

Bir Sreshtho Munshi Abdur Rouf Library
Jhenaidah Cadet College

Freedom versus organization, 1776-1914 / (Record no. 7955)

MARC details
000 -LEADER
fixed length control field 01011cam a2200313 a 4500
001 - CONTROL NUMBER
JCCL Control Number 7955
003 - CONTROL NUMBER IDENTIFIER
JCCL marc code BD-JhCC
005 - DATE AND TIME OF LATEST TRANSACTION
control field 20180215182228.0
008 - FIXED-LENGTH DATA ELEMENTS--GENERAL INFORMATION
fixed length control field 980129s1965 enk b 000 0 eng d
035 ## - SYSTEM CONTROL NUMBER
system control number (BD-JhCC)7955
035 ## - SYSTEM CONTROL NUMBER
system control number (UkLCURL)o70012419964
040 ## - CATALOGING SOURCE
Transcribing agency OUN
Modifying agency OCL
-- EQO
-- CUD
-- UtOrBLW
-- UtOrBLW
Original cataloging agency BD-JhCC
041 ## - LANGUAGE CODE
Language code of Book eng
050 #4 - LIBRARY OF CONGRESS CALL NUMBER
Classification number D358
082 ## - DEWEY DECIMAL CLASSIFICATION NUMBER
Classification number 640.28
Author mark and Year RUS 1965
100 1# - MAIN ENTRY--PERSONAL NAME
Personal name Russell, Bertrand,
Dates associated with a name 1872-1970.
245 10 - TITLE STATEMENT
Title Freedom versus organization, 1776-1914 /
Statement of responsibility, etc by Bertrand Russell.
260 ## - PUBLICATION, DISTRIBUTION, ETC. (IMPRINT)
Place of publication, distribution, etc London :
Name of publisher, distributor, etc Unwin Books,
Date of publication, distribution, etc [1965]
300 ## - PHYSICAL DESCRIPTION
Pagination 247 p ;
Dimensions 24 cm.
500 ## - GENERAL NOTE
General note English edition (London, G. Allen & Unwin, ltd.) has title: Freedom and organization, 1814-1914.
504 ## - BIBLIOGRAPHY, ETC. NOTE
Bibliography, etc Bibliography: p. 237-242.
650 #0 - SUBJECT ADDED ENTRY--TOPICAL TERM
Topical term or geographic name as entry element Political science
General subdivision History.
650 #0 - SUBJECT ADDED ENTRY--TOPICAL TERM
Topical term or geographic name as entry element Liberty.
650 #0 - SUBJECT ADDED ENTRY--TOPICAL TERM
Topical term or geographic name as entry element Cooperation.
651 #0 - SUBJECT ADDED ENTRY--GEOGRAPHIC NAME
Geographic name Europe
General subdivision Politics and government
Chronological subdivision 1789-1900.
651 #0 - SUBJECT ADDED ENTRY--GEOGRAPHIC NAME
Geographic name United States
General subdivision Politics and government
Chronological subdivision 19th century.
942 ## - ADDED ENTRY ELEMENTS (KOHA)
Source of classification or shelving scheme Dewey Decimal Classification
Koha item type Books
Holdings
Source of classification or shelving scheme Damaged status Not for loan Home library Current library Shelving location Total Checkouts Full call number Barcode Date last seen Copy number Koha item type
Dewey Decimal Classification     JCC Rouf Library JCC Rouf Library General Stacks   640.28 RUS 1965 10536 02/15/2018 C - 1 Books

JCC Library | Contacts | JCC Home

Last Update on 23 September 2017
Copyright @ 2017-2020 JCC Rouf Library
Rouf Library, Jhenidah Cadet College (JCC), Bangladesh